LDR 00814naa#a2200169#i#450# 001 RU\\bibl\121376 005 20260514071310.4 011 ## _a1994-4683 100 ## _a20230803b2023####ek#y0rusy0150####ca 102 ## _aRU 200 1# _aПОТРЕБНОСТНО-МОТИВАЦИОННАЯ СФЕРА ПОДРОСТКОВ, СКЛОННЫХ К НАРУШЕНИЯМ ПИЩЕВОГО ПОВЕДЕНИЯ _eЖурнальная статья 210 1# _aМосква _cНациональный государственный Университет физической культуры, спорта и здоровья им. П.Ф. Лесгафта _d2023 215 ## _a5 с. 608 ## _aЖурнальная статья _2local 675 ## _aПсихология. 159.9 _z 700 #1 _aУшакова _gВ Р 856 4# _auchzapiski.lesgaft.spb.ru _u